Normal view
MARC view
- Naveed, Tahreem
Entry Personal Name
001 - CONTROL NUMBER
- control field: 122495
003 - CONTROL NUMBER IDENTIFIER
- control field: NUST
005 - DATE AND TIME OF LATEST TRANSACTION
- control field: 20240426155546.0
008 - FIXED-LENGTH DATA ELEMENTS
- fixed length control field: 240426|| aca||aabn | a|a d
040 ## - CATALOGING SOURCE
- Original cataloging agency: NUST
- Transcribing agency: NUST
100 ## - HEADING--PERSONAL NAME
- Personal name: Naveed, Tahreem
670 ## - SOURCE DATA FOUND
- Source citation: Work cat.: (NUST): Naveed, Tahreem , Synthesis and Tribological Analysis of Ionic Liquid-Based Bio-Lubricants /
